| 000 | 00914cac a22002655a 4500 | ||
|---|---|---|---|
| 005 | 20201128020811.0 | ||
| 008 | 091015t2010 maua frb 001 0 eng d | ||
| 010 | _a | ||
| 020 | _a9780205705030 | ||
| 020 | _a0205705030 | ||
| 040 |
_aEG-ScBUE _beng _cEG-ScBUE _dEG-ScBUE |
||
| 082 | 0 | 4 |
_222 _a320 _bPOL |
| 100 | 1 |
_aRoskin, Michael, _98899 _d1939- |
|
| 245 | 0 | 0 |
_aPolitical science : _ban introduction / _cMichael G. Roskin ... [et. al.] |
| 250 | _a11th ed., International ed. | ||
| 260 |
_aBoston : _bLongman ; _bPearson, _cc.2010. |
||
| 300 |
_axxii, 386 p. : _bill. ; _c24 cm. |
||
| 504 | _aIncludes bibliographical references and index. | ||
| 650 | 7 |
_aPolitical science. _91313 _2BUEsh |
|
| 651 | _2BUEsh | ||
| 653 |
_bBUSBOL _cDecember2017 |
||
| 700 | 1 |
_aRoskin, Michael G., _d1939- |
|
| 856 | 4 | 1 |
_3Table of contents only _uhttp://www.loc.gov/catdir/toc/ecip0718/2007020039.html |
| 942 |
_cBB _k320 ROS _2ddc |
||
| 999 |
_c12798 _d12798 |
||